Lý thuyết điều khiển mờ /

Kaydedildi:
Detaylı Bibliyografya
Yazar: Phan Xuân Minh
Materyal Türü: Kitap
Dil:Vietnamese
Baskı/Yayın Bilgisi: Hà Nội 1999
Etiketler: Etiketle
Etiket eklenmemiş, İlk siz ekleyin!
Thư viện lưu trữ: Mạng thư viện Đại học Đà Nẵng
LEADER 00640nam a2200265 4500
001 000028071
003 PH-M99
005 20150403120000.0
008 150403s vm 000 vie
020 |c 0,0000 
040 |a notts 
100 |a Phan Xuân Minh 
245 |a Lý thuyết điều khiển mờ /  |c Phan Xuân Minh,Nguyễn Doãn Phước. 
260 |b Hà Nội  |c 1999 
OWN |a LTT 
999 |a From the UDN01 
TYP |a Monograph 
TYP |a Printed language 
980 |a Mạng thư viện Đại học Đà Nẵng